El templo de los deleites clandestinos / (Record no. 186768)

MARC details
000 -LEADER
campo de control de longitud fija 00659nam a2200193 i 4500
001 - NÚMERO DE CONTROL
campo de control 186768
003 - IDENTIFICADOR DE NÚMERO DE CONTROL
campo de control ES-MaACL
005 - FECHA Y HORA DE LA ÚLTIMA TRANSACCIÓN
campo de control 20250814063258.0
008 - DATOS DE LONGITUD FIJA--INFORMACIÓN GENERAL
campo de control de longitud fija 170214s1910 sp |||| | spa d
100 1# - ENTRADA PRINCIPAL--NOMBRE DE PERSONA
Nombre de persona Valera, Luis,
Fechas asociadas al nombre 1870-1927
9 (RLIN) 146515
245 13 - MENCIÓN DEL TÍTULO
Título El templo de los deleites clandestinos /
Mención de responsabilidad, etc. novela de Luis Valera ; ilustraciones de Romero-Calvet.
260 ## - PUBLICACIÓN, DISTRIBUCIÓN, ETC.
Lugar de publicación, distribución, etc. Madrid :
Nombre del editor, distribuidor, etc. Los Contemporáneos,
Fecha de publicación, distribución, etc. 1910.
300 ## - DESCRIPCIÓN FÍSICA
Extensión [20] p. :
Otras características físicas il. ;
Dimensiones 27 cm.
490 1# - MENCIÓN DE SERIE
Mención de serie Los contemporáneos ;
Designación de volumen o secuencia 73
700 1# - ENTRADA AGREGADA--NOMBRE PERSONAL
Nombre de persona Romero Calvet, Rafael.
9 (RLIN) 99360
830 1# - PUNTO DE ACCESO ADICIONAL DE SERIE-TÍTULO UNIFORME
Título uniforme Los contemporáneos ;
Designación de volumen o secuencia 73
9 (RLIN) 185715
852 ## - LOCALIZACIÓN
Ubicación ES-MaACL
Número de control de estantería R-2598(18)
Holdings
Estatus retirado Estado de pérdida Estado de daño No para préstamo Biblioteca de origen Biblioteca actual Ubicación en estantería Fecha de adquisición Fuente de adquisición Total de préstamos Signatura topográfica completa Código de barras Visto por última vez Precio de reemplazo Tipo de ítem Koha
        Biblioteca del Ateneo de Madrid Biblioteca del Ateneo de Madrid Depósito 14/02/2017     R-2598(18) 1197003 23/02/2023 23/02/2023 Libro impreso